[Event "San Francisco TNM Summer op"]
[Site "San Francisco"]
[Date "2016.06.28"]
[Round "6"]
[White "Rakonitz, David"]
[Black "Nelson, Carl"]
[Result "1-0"]
[WhiteElo "1659"]
[BlackElo "1188"]
[PlyCount "107"]
[EventDate "2016.05.24"]
[EventType "swiss"]
[EventRounds "8"]
[EventCountry "USA"]
[SourceTitle "EXT 2018"]
[Source "ChessBase"]
[SourceDate "2017.10.13"]
[SourceVersion "1"]
[SourceVersionDate "2017.10.13"]
[SourceQuality "1"]

1. d4 Nf6 2. Nf3 d6 3. c4 h6 4. Nc3 Bf5 5. Qb3 b6 6. g3 Nbd7 7. Bg2 Rc8 8. Nh4 e6 9. Nxf5 exf5 10. Qc2 g6 11. Nb5 c6 12. Nxa7 Rc7 13. Nxc6 Qc8 14. d5 Ne5 15. Qa4 Nxc6 16. dxc6 Bg7 17. 0-0 Ne4 18. f3 Nc5 19. Qb5 Rxc6 20. Rb1 Nd7 21. b3 0-0 22. Bb2 Rc5 23. Qb4 f6 24. f4 Re8 25. Rfe1 Qb8 26. Qd2 b5 27. Ba3 Rcc8 28. Qxd6 Qa7+ 29. Kf1 Bf8 30. Qd5+ Kg7 31. Bxf8+ Nxf8 32. Qxb5 Qxa2 33. Qb7+ Kg8 34. Bd5+ Kh8 35. Qf7 Nh7 36. Ra1 Rf8 37. Qxf8+ Nxf8 38. Rxa2 Nd7 39. Be6 Rd8 40. Rd2 Kg7 41. Rxd7+ Rxd7 42. Bxd7 Kf7 43. Rd1 Ke7 44. Ba4 Kf7 45. c5 g5 46. c6 gxf4 47. gxf4 Kg6 48. c7 Kh5 49. Kg2 Kg4 50. e3 Kh4 51. c8Q Kg4 52. Qg8+ Kh5 53. Be8+ Kh4 54. Qg3# 1-0

[Event "San Francisco TNM Fall op"]
[Site "San Francisco"]
[Date "2015.10.20"]
[Round "1"]
[White "Rakonitz, David"]
[Black "Walder, Michael S"]
[Result "0-1"]
[WhiteElo "1597"]
[BlackElo "1994"]
[PlyCount "70"]
[EventDate "2015.10.20"]
[EventType "swiss"]
[EventRounds "9"]
[EventCountry "USA"]
[SourceTitle "EXT 2023"]
[Source "ChessBase"]
[SourceDate "2022.10.05"]
[SourceVersion "1"]
[SourceVersionDate "2022.10.05"]
[SourceQuality "1"]

1. d4 Nf6 2. Nf3 e6 3. c4 c5 4. d5 exd5 5. cxd5 d6 6. Nc3 g6 7. e4 Bg7 8. Bd3 0-0 9. Bg5 h6 10. Bh4 g5 11. Nxg5 hxg5 12. Bxg5 Re8 13. f3 Nxe4 14. Nxe4 Qxg5 15. 0-0 Bd4+ 16. Kh1 Qh6 17. Nc3 Re5 18. Qc2 Na6 19. a3 Bd7 20. Rae1 Rae8 21. Rxe5 Rxe5 22. f4 Re7 23. Nb5 Bxb5 24. Bxb5 Nc7 25. Bc4 b5 26. Ba2 Qxf4 27. Qd1 Qh4 28. Qf3 f6 29. Qf5 Be5 30. g3 Bxg3 31. h3 Qe4+ 32. Qxe4 Rxe4 33. Rxf6 Be5 34. Rf2 c4 35. Bb1 Re1+ 0-1

[Event "San Francisco TNM Jay Whitehead op"]
[Site "San Francisco"]
[Date "2014.09.30"]
[Round "9"]
[White "Hood, Bryan"]
[Black "Rakonitz, David"]
[Result "1/2-1/2"]
[WhiteElo "1258"]
[BlackElo "1558"]
[PlyCount "77"]
[EventDate "2014.08.05"]
[EventType "swiss"]
[EventRounds "9"]
[EventCountry "USA"]
[SourceTitle "EXT 2016"]
[Source "ChessBase"]
[SourceDate "2015.10.08"]
[SourceVersion "1"]
[SourceVersionDate "2015.10.08"]
[SourceQuality "1"]

1. d4 Nf6 2. c4 e6 3. Nf3 b6 4. g3 Bb7 5. Bg2 Be7 6. Nc3 0-0 7. 0-0 d5 8. Qb3 dxc4 9. Qxc4 Nc6 10. Bf4 Bd6 11. Ne5 Na5 12. Qd3 Bxg2 13. Kxg2 c5 14. dxc5 Bxc5 15. Rad1 Qc8 16. Qc2 Nc6 17. Nd3 Be7 18. Nb5 Qb7 19. f3 Nd5 20. Rc1 Nxf4+ 21. Nxf4 Rac8 22. Qe4 Qa8 23. Nd4 Nxd4 24. Qxd4 Rfd8 25. Rxc8 Qxc8 26. Qe5 Bf6 27. Qb5 g6 28. Nd3 Qc2 29. Rf2 Kg7 30. Ne5 Qc7 31. Ng4 Qc2 32. Nxf6 Kxf6 33. h4 Rd7 34. Qg5+ Kg7 35. Qe5+ Kf8 36. Qb8+ Kg7 37. Qe5+ Kf8 38. Qb8+ Kg7 39. Qe5+ 1/2-1/2

[Event "San Francisco TNM Summer op"]
[Site "San Francisco"]
[Date "2014.06.17"]
[Round "4"]
[White "Rakonitz, David"]
[Black "Hood, Bryan"]
[Result "1-0"]
[WhiteElo "1558"]
[BlackElo "1092"]
[PlyCount "61"]
[EventDate "2014.05.27"]
[EventType "swiss"]
[EventRounds "8"]
[EventCountry "USA"]
[SourceTitle "EXT 2016"]
[Source "ChessBase"]
[SourceDate "2015.10.08"]
[SourceVersion "1"]
[SourceVersionDate "2015.10.08"]
[SourceQuality "1"]

1. d4 d5 2. Nf3 Nf6 3. c4 g6 4. cxd5 e6 5. dxe6 Bxe6 6. Nc3 Bg7 7. Bg5 0-0 8. e3 c6 9. Be2 Qa5 10. 0-0 Nbd7 11. a3 Nd5 12. Rc1 Nxc3 13. Rxc3 c5 14. Be7 Rfc8 15. Rc1 cxd4 16. exd4 Qb6 17. Rxc8+ Rxc8 18. d5 Bf5 19. Bh4 Bf6 20. Bxf6 Nxf6 21. Qd4 Qxd4 22. Nxd4 Be4 23. Nb5 Nxd5 24. Nd6 Rc2 25. Bc4 Ne7 26. Bxf7+ Kg7 27. Re1 Bxg2 28. Rxe7 Bc6 29. Kf1 Rd2 30. Nc4 Bb5 31. Ke1 1-0